000 00690 a2200157 4500
999 _c6588
_d6588
020 _a9781782621430 (hbk.)
050 0 0 _aQP517 MOL 2014
245 0 0 _aMolecular simulations and visualization :
_bUniversity of Nottingham, Nottingham UK, 7-9 May 2014.
264 1 _aCambridge :
_bRoyal Society Of Chemistry,
_c[2014]
300 _a535p.:
_bill.( col.);
500 _a"A general discussion on molecular simulations and visualization was held in Nottingham, UK on the 7th, 8th, and 9th May 2014"--Page 5.
504 _aIncludes bibliographical references.
650 0 _aMolecular dynamics
710 2 _aRoyal Society of Chemistry (Great Britain).
_eissuing body.
942 _2lcc
_cBK
_h517
_iMOL
_kQP